[Event "Presidents Cup "]
[Site "Elista"]
[Date "1998.05.10"]
[Round "2.1"]
[White "Georgiev, Kiril"]
[Black "Vaganian, Rafael A"]
[Result "1/2-1/2"]
[WhiteElo "2675"]
[BlackElo "2630"]
[Annotator "Tsesarsky,Ilya"]
[PlyCount "82"]
[EventDate "1998.05.07"]
[EventType "k.o."]
[EventRounds "6"]
[EventCountry "RUS"]
[SourceTitle "CBM 065"]
[Source "ChessBase"]
[SourceDate "1998.08.06"]
[SourceVersion "1"]
[SourceVersionDate "1998.08.06"]
[SourceQuality "1"]

1. d4 d5 2. c4 e6 3. Nc3 Be7 4. cxd5 exd5 5. Bf4 c6 6. Qc2 Bd6 7. Bg3 (7. Bxd6 $1 Qxd6 8. e3 Nf6 (8... Qg6 9. Qd2 Ne7 (9... Nd7 10. Nge2 $1 (10. f3 $6 Nb6 11. Bd3 Qh6 12. Qf2 Ne7 13. Nge2 Nf5 14. Nd1 O-O 15. O-O Re8 (15... Be6 16. e4 Ne7 17. Ng3 f5 18. exf5 Nxf5 19. Nxf5 Bxf5 20. Bxf5 Rxf5 $11 {½-½ Kramnik,V-Belikov,V/RSFSR-ch Kuibishev 1990 (25)}) 16. Re1 Bd7 17. Nec3 Re7 18. e4 Rae8 19. Re2 Nh4 20. Rc2 Ng6 21. Ne2 $132) 10... Ngf6 11. Nf4 Qg5 12. Bd3 $14) 10. Nge2 O-O 11. Ng3 Qd6 (11... Nd7 12. Bd3 Qh6 13. O-O Nf6 14. b4 $14 {Azmaiparashvili,Z-Gomez Esteban,J/Toledo 1991/1-0 (55)}) 12. Bd3 Be6 13. O-O Nd7 14. Rad1 f5 15. Nh5 Bf7 16. Nf4 $14 {Azmaiparashvili,Z-Petrosian,A/Erevan 1989/1-0 (51)}) 9. Bd3 Be6 10. Nge2 Nbd7 11. O-O O-O 12. Rfc1 Rfe8 13. Rab1 Nf8 14. b4 $14 {1-0 Beliavsky,A-Geller,E/Moscow izt 1982 (32)}) 7... Ne7 8. e3 Bf5 (8... Nf5 9. Bxd6 (9. Bd3 Nxg3 10. hxg3 h6 11. Nf3 (11. Nge2 Nd7 12. O-O-O Nf6 13. Kb1 Be6 14. Nf4 $14 {Stern,R-Sonntag,H/BL 1992/1-0 (47)}) 11... Nd7 12. g4 Nf8 13. g5 Bg4 14. g6 Qf6 15. gxf7+ Qxf7 16. Ne5 Bxe5 17. dxe5 g5 18. f3 Bd7 19. O-O-O $14 {Sakaev,K-Lputian,S/URS-ch58 Moscow 1991/1-0 (60)}) 9... Nxd6 10. Nge2 Bf5 11. Qd2 Nd7 12. Ng3 Bg6 13. Be2 Nf6 14. O-O O-O 15. f3 Re8 16. Rfe1 Qb6 $132 {½-½ Dokhoian,Y-Neckar,L/Werfen op 1991 (26)}) 9. Bd3 (9. Qd2 O-O 10. Nf3 Ng6 11. Be2 Re8 12. Bxd6 Qxd6 13. h4 Nd7 14. h5 Ne7 15. Nh4 Be6 16. g4 Nf6 17. f3 Qg3+ 18. Kd1 $132 {Moskalenko,V-Kharitonov,A/Alushta2 1994/½-½ (55)}) (9. Qb3 b5 $6 (9... Bxg3 10. hxg3 Qb6 11. Be2 $5 (11. Nf3 Nd7 12. Nh4 Qxb3 13. axb3 Be6 14. b4 O-O 15. Bd3 a6 $11 {Gulko,B-Lputian,S/Glendale USA-ARM 1994/½-½ (49)}) (11. f3 Na6 12. g4 Bg6 13. Qxb6 (13. Kf2 Qxb3 14. axb3 Nb4 15. Nh3 Bc2 $10 {Bareev,E-Petrosian,A/Moscow GMA-op 1989/1-0 (55)}) 13... axb6 14. a3 { h3 Bareev}) 11... Nd7 (11... Na6 12. g4 Bg6 13. Nh3 (13. Bxa6 Qxa6 14. Nge2 Qb6 15. Nf4 Qxb3 16. axb3 a6 $11 {½-½ Yakovich,Y-Burmakin,V/Petrov mem, St Petersburg RUS 1998 (28)}) (13. Nf3 f6 14. Na4 Qxb3 15. axb3 Nc7 16. Nc5 b6 17. Na6 Kd7 18. Kd2 $132 {Sadler,M-Lputian,S/32nd ol, Yerevan ARM 1996/½-½ (53)}) 13... Nb4 14. Kd2 $5 $13 {Bareev}) 12. g4 $1 Qxb3 $5 (12... Be6 13. Nh3 O-O-O $6 (13... Qxb3 $5 14. axb3 a6 15. Ng5 $14 (15. Nf4 $14)) 14. Qa3 $1 $16 {Bareev,E-Khalifman,A/URS-ch57 Leningrad 1990/1-0 (44)}) 13. axb3 Ng6 14. b4 O-O 15. Nh3 a6 16. Nf4 Nf6 17. Nxg6 hxg6 {½-½ Dziuba,M-Grigoriants,S/EuYouth U14 Boys, Tallinn EST 1997}) 10. a4 b4 (10... bxa4 11. Rxa4 $14) 11. Nce2 O-O 12. Rc1 a5 13. Nf3 Ng6 14. h4 $1 $14 {Bareev,E-Lputian,S/Luzern 1993/½-½ (82)}) 9... Bxd3 10. Qxd3 Na6 (10... O-O 11. Nge2 (11. Nf3 Ng6 12. Rb1 a5 13. a3 a4 14. Qc2 b5 15. O-O Bxg3 16. hxg3 Re8 $11 {1-0 Lauber,A-Kapteina,S/GER-chJ U17 1992 (44)}) 11... Na6 12. a3 Rc8 13. b4 Nc7 14. Rb1 Ne6 15. Na4 b6 16. Nac3 Qd7 $11 {Granda Zuniga,J-Lutz,C/It, Pamplona ESP 1997/0-1 (63)}) ({RR} 10... O-O 11. Nf3 Re8 12. Ng5 g6 13. Bxd6 Qxd6 14. h4 Qf6 15. O-O-O Na6 16. Rh3 Qf5 17. e4 dxe4 18. Ncxe4 Nd5 19. Rf3 Qg4 20. Nf6+ Nxf6 21. Rxf6 Qxh4 22. f4 Re7 23. g3 Qh2 24. Rxf7 Rxf7 25. Nxf7 {Dreev,A (2710)-Jakovenko,D (2729) Apatity 2011 ½-½ (59)}) ({RR} 10... O-O 11. Nge2 a5 12. Rc1 Na6 13. a3 Qd7 14. O-O Bxg3 15. hxg3 Rad8 16. Na4 Nf5 17. Qd2 Qe6 18. Nf4 Qf6 19. Qxa5 Nh6 20. Qd2 Ng4 21. f3 Nh6 22. b4 Nf5 23. g4 Ng3 24. Rfd1 Qh4 25. Nh3 {Castillo Beitia,A (1929)-Bauyrzhan,A (2029) FIDE Online Arena INT 2024 1-0 (47)}) 11. Nf3 Nc7 (11... O-O 12. a3 Nc7 13. b4 b6 $132) 12. O-O $146 ({RR} 12. a3 Ne6 13. O-O O-O 14. Rfc1 Bxg3 15. hxg3 Qd6 16. Na4 {½-½ (16) Blees,A (2371)-Tondivar,B (2284) Haarlem 2017}) 12... O-O 13. Rab1 a5 14. Na4 (14. Qc2 Bxg3 15. hxg3 Nc8 16. a3 Nd6 $11) 14... Ne6 (14... Bxg3 15. hxg3 Nc8 16. Rbc1 Nd6 $11) 15. Rfc1 (15. Bxd6 Qxd6 16. Rfc1 $14) 15... Nc8 $1 16. Nc5 (16. Bxd6 Nxd6 $11) 16... Qe7 (16... Nxc5 17. dxc5 Bxg3 18. hxg3 Ne7 $11) 17. Qc2 Bxg3 (17... Nxc5 18. Bxd6 Nxd6 19. Qxc5 Rfe8 $11) 18. hxg3 Nd6 19. Nd3 (19. Nxe6 fxe6 $11) 19... g6 20. a4 (20. b3 Ne4 21. Qb2 Rfe8 22. a3 $132) 20... Kg7 21. b4 axb4 (21... Nc4 22. Qc3 axb4 23. Rxb4 Ra7 $11) 22. Rxb4 Ra7 23. Rcb1 Rfa8 24. Qb3 (24. Nd2 h5 $11) 24... h5 25. Nde5 f6 (25... Nd8 $11) 26. Nd3 g5 27. Kf1 (27. Nc5 b5 28. Qc2 (28. axb5 Nxc5 29. dxc5 Nxb5 30. Nd4 Nxd4 31. exd4 Qe8 $11) 28... Nc7 $11 (28... bxa4 $11)) 27... Qf7 (27... b5 $5 $11) 28. Nd2 Qg6 (28... b5 29. axb5 Nxb5 30. Rc1 (30. Rxb5 cxb5 31. Qxd5 Nc7 $17) 30... Ra3 31. Qb1 R8a6 $11) 29. Nc5 Nxc5 (29... Nd8 $132) 30. dxc5 Nf7 31. e4 $5 (31. g4 hxg4 32. Rxg4 Rh8 $132) 31... Rd8 (31... Ra5 32. Rc1 dxe4 33. Nxe4 f5 34. Nd6 $14) 32. Rxb7 (32. Kg1 dxe4 (32... Ne5 33. Rxb7+ Rxb7 34. Qxb7+ Rd7 35. Qc8 $16) 33. Nxe4 Qf5 $11) 32... Rxb7 33. Qxb7 dxe4 34. Nc4 (34. Qb4 $2 e3 $17) 34... Qf5 (34... Rd5 35. Qxc6 e3 36. Qxd5 Qxb1+ 37. Ke2 exf2 38. Kxf2 Qc2+ 39. Ke3 Qxa4 40. c6 Qb3+ $11) 35. Qb4 (35. Nd6 Qd7 $2 (35... Rxd6 36. cxd6 e3 37. Rb2 Qd3+ 38. Ke1 (38. Kg1 e2 $18) 38... Qc3+ (38... exf2+ 39. Rxf2 Qe3+ $11 (39... Qxd6 $132)) 39. Ke2 exf2 40. Kxf2 Qd4+ $11) 36. a5 Kf8 (36... Nxd6 37. cxd6 Kg6 38. Qxd7 Rxd7 39. a6 $18 Ra7 (39... Kf7 40. Rb7 $18) 40. Rd1 $1 Rd7 41. a7) 37. Qxd7 Rxd7 38. Nxe4 $16) 35... Rd3 (35... Qe6 36. Ne3 f5 $132) 36. Re1 $5 (36. Kg1 $11) 36... Qe6 $5 (36... Rd4 $5 37. Nd6 $1 (37. Kg1 $2 Qe6 38. Rc1 Ne5 39. Qb7+ Rd7 40. Qb3 Nd3 41. Rc3 Nxc5 $17) 37... Qxf2+ (37... Rxb4 38. Nxf5+ Kf8 39. a5 Ra4 40. Rb1 Ne5 41. Rb8+ Kf7 42. Ra8 Nd3 43. a6 Nxc5 44. a7 Nd3 45. Rh8 Rxa7 46. Rh7+ Kg6 47. Rxa7 Kxf5 48. Ke2 $11) 38. Kxf2 Rxb4 39. Rxe4 Rxe4 (39... Ne5 40. Rxb4 Nd3+ 41. Ke3 Nxb4 42. Kd4 Kg6 43. Kc4 Na6 44. a5 f5 $132) 40. Nxe4 Ne5 41. a5 Nd3+ 42. Ke3 Nb4 43. Nd6 Kg6 $132) 37. Nd6 (37. Ne3 f5 38. Qb2+ Kg6 39. a5 Ne5 (39... Rb3 40. Qa2 Nd8 41. a6 Rb8 42. a7 Ra8 43. Ra1 Qxa2 44. Rxa2 Ne6 45. Nc4 $18) 40. a6 Nc4 41. Qb8 (41. Nxc4 Qxc4 42. Kg1 Qxa6 (42... Qxc5 43. Rc1 Rb3 (43... Qb5 44. Qh8 $18) 44. Qxb3 Qxc1+ 45. Kh2 Qa1 46. Qe6+ Kg7 47. Qe7+ Kg6 48. a7 $18) 43. Qh8 Qc4 44. Qe8+ $44) 41... Nxe3+ 42. fxe3 (42. Rxe3 Rd1+ 43. Ke2 Ra1 $19) 42... Qc4 $132) 37... Nxd6 38. cxd6 f5 (38... Rxd6 39. Rxe4 Rd1+ 40. Ke2 Qd5 41. Re7+ Kh6 42. Qc3 Rd4 43. a5 Qa2+ 44. Kf1 Rd1+ 45. Re1 Rxe1+ 46. Qxe1 c5 $11) 39. Qb7+ Kg6 40. Qxc6 Rxd6 41. Qc5 Rc6 (41... Rc6 42. Qb5 Rc2 43. Kg1 Ra2 44. a5 $132) 1/2-1/2

[Event "Candidates Tournament"]
[Site "Berlin"]
[Date "2018.03.24"]
[Round "12"]
[White "Kramnik, Vladimir"]
[Black "So, Wesley"]
[Result "1/2-1/2"]
[WhiteElo "2800"]
[BlackElo "2799"]
[Annotator "Sumets,Andrey"]
[PlyCount "84"]
[EventDate "2018.03.10"]
[EventType "tourn"]
[EventRounds "14"]
[EventCountry "GER"]
[EventCategory "22"]
[SourceTitle "CBM 184"]
[Source "ChessBase"]
[SourceDate "2018.05.16"]
[SourceVersion "1"]
[SourceVersionDate "2018.05.16"]
[SourceQuality "1"]

1. c4 e6 2. Nc3 d5 3. d4 Be7 4. cxd5 exd5 5. Bf4 c6 6. e3 Bf5 7. g4 ({White can get only a worse position after} 7. Qb3 $6 Qb6 $1 {Black wants to take on b3 and then he can win the b3-pawn by playing ...c2.}) 7... Be6 8. Qb3 $1 $146 {A very strong novelty. In comparison with 7.b3?! b6 Black's light-squared bishop isn't well-placed and White intends to continue f3, h4, d3, ge2 gaining space on the kingside.} ({The main line is} 8. h4 Nd7 ({Wesley So prefers to take on h4:} 8... Bxh4 $5 9. Qb3 g5 10. Be5 f6 11. Bh2 Bxg4 12. Qxb7 Qe7 13. Qxa8 Qxe3+ {and according to my computer, it's a draw:} 14. Be2 Bxf2+ 15. Kf1 Bh4 16. Qxb8+ Kf7 17. Nd1 Bxe2+ 18. Nxe2 Qf3+ 19. Kg1 Qxe2 20. Bg3 Qg4 21. Kg2 Qe4+ 22. Kg1 Qg4 23. Kg2 Qe4+ 24. Kg1 Qg4 {1/2 (24) Ding,L (2732)-So,W (2762) Wijk aan Zee 2015}) 9. g5 h6 10. g6 (10. Qf3 hxg5 11. hxg5 Rxh1 12. Qxh1 Bxg5 13. Qh8 Kf8 14. Bd6+ Be7 15. Bf4 Ndf6 16. Bd3 Qc8 17. f3 Bf5 18. e4 Bg6 $15 {Zacurdajev,M (2408)-Klimov,S (2483) St Petersburg 2008 0-1 (40)}) 10... Ngf6 11. gxf7+ Bxf7 12. Bd3 O-O 13. Qf3 Qb6 14. O-O-O c5 15. Nge2 Rac8 16. Rhg1 Kh8 17. Bc2 cxd4 18. Rxd4 Bc5 (18... Rg8 $5 19. Qg3 Bb4 20. Bc7 Rxc7 21. Rxb4 Qxb4 22. Qxc7 Qxh4 23. Ng3 $44) 19. Na4 Qa5 20. Nxc5 Rxc5 21. Bd6 Qxa2 22. Bxc5 Nxc5 $44 {Nepomniachtchi,I (2721)-Aronian,L (2803) Beijing 2013 1-0 (75)}) ({White can also try} 8. h3 Nd7 9. Nf3 Nf8 $6 (9... g5 10. Bh2 (10. Bg3 h5 11. gxh5 Rxh5 12. Ne5 Ngf6 13. Qf3 $6 Rh6 14. Bd3 Qa5 15. Bf5 Ne4 16. Bxe6 Nxe5 17. Bxe5 fxe6 18. Rc1 Kd7 $17 {Bern,I (2375)-Agdestein,S (2590) 0-1 (32) Norway 1991}) 10... h5 11. gxh5 Rxh5 12. Rg1 Rh8 13. Qb3 Nb6 14. a4 a5 15. O-O-O Bxh3 16. Be5 Rh5 17. Bd3 $44 (17. Rh1 $5 Bg4 18. Be2 Bb4 19. Rdg1 $44) 17... Bb4 $2 18. Bf4 $1 g4 19. Ne5 $16 {Grigore,G (2485)-Kayumov,S (2434) Paks 2003 1-0 (94)}) 10. Qb3 Qb6 11. Qc2 $1 Ng6 12. Bh2 Rd8 13. O-O-O Bd6 14. Bxd6 Rxd6 15. Ng5 $16 {Zubov,A (2612)-Sturua,Z (2548) Gjakova 2016 1-0 (56)}) 8... Qb6 ({The computer recommends} 8... b5 $5 {You can find the same idea after 1.d4 d5 2.c4 c6 3.c3 f6 4.f3 e6 5.cxd5 exd5 6.g5 f5 7.b3 b5.} 9. h3 {It seems to be a forced move.} Nd7 (9... h5 {is a bit premature due to} 10. g5 $1 Bxg5 11. Bxg5 Qxg5 12. a4 $14) 10. Nf3 (10. Bd3 h5 $5 11. gxh5 Rxh5 12. Qc2 (12. Rc1 $6 Nc5 13. dxc5 d4 14. Qc2 dxc3 15. bxc3 Qd5 $15) 12... Kf8 13. Rc1 a6 $13) 10... g5 {If Black wants to play ...h5 then he should start with ...g5 first.} (10... h5 $2 11. g5 $16) 11. Bg3 h5 12. gxh5 Rxh5 13. O-O-O Rc8 14. Be2 Rxh3 15. Rxh3 Bxh3 16. Qc2 $44) 9. f3 g5 {Black should play ...g5 and ...h5. For example:} (9... Nd7 10. h4 Qxb3 11. axb3 f5 12. g5 {according to Vladimir Kramnik Black's position is unpleasant.} h6 13. Nh3 hxg5 14. hxg5 Nf8 15. Kf2 Ng6 16. Bd3 Kf7 17. Ne2 $14) 10. Be5 $1 (10. Bg3 $6 {I think that 10.e5 f6 11.g3 is stronger than 10.g3.} h5 $1 11. gxh5 Qxb3 12. axb3 Nd7 13. Bd3 Ngf6 $15 14. h4 gxh4 15. Rxh4 Nxh5 16. Rh2 f5 (16... O-O-O $1 17. Bf2 Nf4 18. exf4 Rxh2 19. f5 Rg8 20. fxe6 fxe6 21. Kf1 Rgg2 22. Nd1 a6 $17) 17. Nge2 Kf7 18. Bf2 a6 19. Kd2 Bd6 20. Rg2 Rag8 $11 {Usmanov,V (2464)-Duzhakov,I (2421) St Petersburg RUS 20181/2 (89)}) 10... f6 11. Bg3 Qxb3 {Sooner or later Black should take on b3.} 12. axb3 h5 13. gxh5 Rxh5 (13... Nh6 $5 {(Wesley So)} 14. e4 Nf7 15. Bd3 Rxh5 16. exd5 cxd5 17. Nge2 Nc6 18. f4 $13) 14. Bd3 Kf7 $146 {This leads to a bad position.} ({According to Kramnik Black should have played} 14... f5 15. Nge2 Nd7 16. h4 {for example} Nf8 17. Rh2 gxh4 18. Nf4 Rh6 19. Bf2 Kf7 20. Ke2 Ng6 (20... Bd7 21. Na4 Re8 22. Nc5 Bc8 23. Rxa7 Bd6 24. Kd1 Bb8 25. Ra8 Bxf4 26. exf4 Ng6 27. Bf1 N8e7 28. b4 Reh8 29. Kd2 $14) 21. Nxg6 Kxg6 22. Na4 Nf6 (22... Re8 23. Nc5 Bc8 24. Rxa7 Bxc5 25. dxc5 d4 26. Kd2 $14) 23. Rxh4 Rxh4 24. Bxh4 Rh8 25. Bg3 $14 {Black still has to play precisely to get an equal position.}) ({RR} 14... f5 15. Bxb8 Rxb8 16. Rxa7 Bd6 17. Kf2 Ne7 18. Nge2 Kf7 19. f4 gxf4 20. Nxf4 Bxf4 21. exf4 Nc8 22. Raa1 Nd6 23. h3 Ne4+ 24. Bxe4 fxe4 25. b4 Rh4 26. Ne2 Rbh8 27. Ra7 Rxh3 28. Rxb7+ Kf6 29. Rxh3 {Li,C (2725)-Zhang,Z (2374) Hangzhou 2018 1-0 (47)}) 15. h4 f5 16. Nh3 $1 {Black has got an unpleasant position after opening.} f4 {Wesley tries to solve his problems by dint of tactics.} (16... gxh4 17. Nf4 Rh6 18. Bf2 {Sooner or later White takes on h4 with a better position. According to Vladimir Kramnik Black's position is defendable. For example} Nd7 19. Nce2 Nf8 20. Nxe6 Kxe6 21. Nf4+ Kf6 22. Ke2 Ng6 23. Nxg6 Kxg6 24. Rag1+ Kf6 25. Rxh4 $14) 17. exf4 $1 Bxh3 (17... gxh4 18. Ng5+ Rxg5 (18... Bxg5 19. fxg5 Ne7 20. Rxh4 Rxg5 21. Rh7+ Rg7 22. Rxg7+ Kxg7 23. Kd2 $16 {White can play a4, c5 or b4, b5.}) 19. fxg5 hxg3 20. f4 $16 {(Vladimir Kramnik)} Nd7 21. Rh7+ Kf8 22. Kf1 Bb4 23. f5 Bf7 24. Kg2 {White should win the game.}) 18. fxg5 $1 $16 {White has only 2 pawns for the sacrificed knight but White's pawns seem to be unstoppable.} (18. hxg5 $2 {doesn't work due to} Bf5 $1 19. Rxh5 Bxd3 $15) 18... Bd7 19. Kf2 Na6 $5 ({Wesley could have tried} 19... Bf8 {with the idea ...e7, ...f5.} 20. Ne2 Ne7 21. Nf4 Rh8 22. h5 Bf5 23. Rae1 Bxd3 24. Nxd3 Nd7 25. Ne5+ Nxe5 26. Bxe5 Rg8 27. h6 (27. f4 $5 Nf5 28. g6+ Ke6 29. g7 Bd6 30. h6 Bxe5 31. Rxe5+ Kf6 32. h7 Rxg7 33. h8=Q Rxh8 34. Rxh8 Nxd4 $16) 27... Rxg5 28. h7 Ng6 29. h8=Q Nxh8 30. Rxh8 $16) 20. Bxa6 $6 {Not the strongest move. Now Black can try to blockade White's pawns.} (20. Ne2 $6 Nb4 21. Bg6+ Kxg6 22. Nf4+ Kf7 23. Nxh5 {(Vladimir Kramnik)} c5 $1 24. dxc5 Bxc5+ 25. Kg2 d4 $13) ({Vladimir also mentioned} 20. Rae1 $1 Nb4 21. Bb1 {intending e2, f4. According to Wesley So Black's position would be very difficult and the computer confirms his evaluation. Actually Black doesn't have any reasonable moves. For example} Rf8 (21... Bf8 22. Ne2 Ne7 23. Nf4 Rh8 24. h5 Bf5 25. Rxe7+ Bxe7 26. Bxf5 Bxg5 27. Bg6+ Kg8 28. Ne6 Bf6 29. Bd6 Na6 30. f4 $18) 22. Ne2 Kg7 23. Be5+ $18) 20... bxa6 21. Ne2 Bd8 $1 22. Be5 ({Vladimir could have tried} 22. Nf4 $5 Rh8 23. Nd3 Rh7 $1 {the strongest continuation} (23... Bf5 24. Ne5+ Kf8 25. Nxc6 $16 {White should win the game}) 24. Rae1) 22... Ne7 23. Nf4 $1 (23. Ng3 Kg6 $1 24. Nxh5 Kxh5 25. Rxa6 Bb6 26. Rha1 Re8 27. Rxa7 {White can get a worse position if he doesn't sacrifice an exchange.} (27. b4 Nf5 28. f4 Bxd4+ 29. Bxd4 Nxd4 30. Re1 Rb8 31. Rxa7 Bf5 $15) 27... Bxa7 28. Rxa7 Bf5 29. Bf6 Ng8 30. Kg3 Nxf6 31. gxf6 Rf8 32. f7 $11) 23... Rh7 24. h5 Kg8 25. Rag1 (25. g6 $6 {doesn't work due to 26...c8:} Rh6 26. Rxa6 Bc8 $1 {For example} (26... Bb6 27. Rha1 Rf8 28. Rxa7 Bxa7 29. Rxa7 Rxf4 30. Rxd7 $18 {(Vladimir Kramnik)}) 27. Raa1 Nf5 28. b4 Bb6 29. Ne2 Bd7 $11) 25... Nf5 26. h6 Be8 $6 ({I believe that Wesley should've played} 26... Be7 $1 27. g6 (27. Rh5 Re8 $1 28. Rgh1 Bf8 29. b4 Bc8 {I can't see how White can improve his position.}) 27... Rxh6 28. Rxh6 Nxh6 29. Rh1 Bf8 30. Nh5 Be7 $1 {It seems to me that Black should make a draw. For example} (30... Bf5 $2 31. g7 Be7 32. Ng3 $18 {(Kramnik)}) 31. Nf6+ Bxf6 32. Bxf6 Rf8 $8 33. Be7 Re8 34. Bg5 Nf5 35. Bf6 Re2+ 36. Kxe2 Ng3+ 37. Kf2 Nxh1+ 38. Kg2 Be8 $11) 27. g6 $1 (27. b4 $5 {(Kramnik)} Be7 28. g6 Rxh6 29. Rxh6 Nxh6 30. Rh1 Bf8 31. g7 (31. Ne6 $5 Bxg6 32. Nxf8 Ng4+ 33. fxg4 Rxf8+ 34. Ke2 $16) 31... Bxg7 32. Rg1 Nf5 33. Ne6 $16) 27... Rxh6 $8 28. Rxh6 Nxh6 29. Rh1 Bg5 30. Ne6 Bxg6 31. Nxg5 Nf7 32. Ne6 $6 (32. f4 $1 Nxe5 33. dxe5 Rb8 34. Rc1 Rxb3 35. Rxc6 Rxb2+ 36. Kf3 {White has good chances to win the game.}) ({I see value in} 32. Nxf7 {(Yermolinsky,A)} Kxf7 33. Ke3 Bf5 34. Ra1 {and White can play this forever.}) 32... Nxe5 33. dxe5 Re8 34. Nf4 Bc2 $1 {Kramnik said that he had overlooked it. During the press conference, both grandmasters were concerned that White still has chances to win the endgame. However the computer doesn't see any problems for Black.} 35. Rg1+ {Other moves also lead to a draw.} (35. Rh6 Rxe5 36. Rxc6 Bxb3 37. Rxa6 Re7 $11) (35. Rc1 Bxb3 36. Rxc6 Rxe5 37. Rxa6 Re7 $11) (35. Rh5 Bxb3 36. Nd3 {(Vladimir Kramnik)} d4 37. Nc5 Bd5 38. Ke2 Rf8 39. Rg5+ Kh7 40. e6 Rxf3 41. Re5 Rf8 $8 42. e7 Bc4+ 43. Kd2 Rf2+ 44. Kd1 Rf1+ 45. Kd2 Rf2+ $11) 35... Kf7 36. e6+ Kf6 {Sooner or later Black will take on e6 with a draw.} 37. Nh5+ ({White could have tried} 37. Rc1 Bf5 (37... Bxb3 38. Rxc6 Bc4 39. Ke3 Rb8 40. Rc7 Ke5 41. e7 Rb3+ 42. Kf2 Rxb2+ 43. Kg3 Rb8 44. Rd7 Rg8+ 45. Kf2 Re8 $11) 38. Rxc6 Ke5 39. Ne2 Bd3 40. b4 Bxe2 41. Kxe2 Rxe6 42. Rxe6+ Kxe6 43. Ke3 Ke5 44. f4+ Kf5 45. Kd4 Kxf4 46. Kxd5 Ke3 47. Kc6 Kd4 48. Kb7 Kc4 $11) 37... Ke5 38. f4+ Kd6 39. Ng7 Rf8 40. Ke3 d4+ 41. Kf3 (41. Kxd4 Rxf4+ 42. Kc3 Be4 43. Re1 (43. Rd1+ Bd5) 43... Ke7 $11) (41. Kd2 Bxb3 42. f5 Rh8 (42... c5) 43. Re1 (43. Kd3 c5 44. Ke4 Bd5+ 45. Kf4 d3 $11) 43... Rh2+ 44. Kd3 $4 Kd5 $19 {(Kramnik)}) 41... Ke7 42. b4 Kf6 1/2-1/2